Začlenenie riadenia nákladov podľa aktivít do systému controllingu holdingu

Zavedenie nákladového modelu na báze riadenia nákladov podľa aktivít. Hierarchia činností v metóde ABC/M. Určenie nákladových nosičov pre každú hlavnú aktivitu. Vytvorenie nákladových stredísk pre každú hlavnú aktivitu. Zistenie príčin vzniku nákladov na aktivity na výrobok. Priradenie nákladov zdro...

Celý popis

Uložené v:
Podrobná bibliografia
Hlavný autor: Tóthová, Alena, 1968-
Ďalší autori: Tóth, Miroslav, 1961-
Médium: Kapitola
Jazyk:Slovak
Predmet:
Tagy: Pridať tag
Žiadne tagy, Buďte prvý, kto otaguje tento záznam!

MARC

LEADER 00000naa$a2200000$$$4500
001 0116479
005 20240502072311.0
041 0 |a slo 
044 |a SK 
245 1 0 |a Začlenenie riadenia nákladov podľa aktivít do systému controllingu holdingu  |c Alena Tóthová, Miroslav Tóth 
520 |a Zavedenie nákladového modelu na báze riadenia nákladov podľa aktivít. Hierarchia činností v metóde ABC/M. Určenie nákladových nosičov pre každú hlavnú aktivitu. Vytvorenie nákladových stredísk pre každú hlavnú aktivitu. Zistenie príčin vzniku nákladov na aktivity na výrobok. Priradenie nákladov zdrojov k činnostiam. Identifikácia výstupov. Priradenie nákladov činností k výstupom. Nosiče nákladov jednotlivých činností: operačný nosič, nosič trvania, nosič intenzity. 
610 2 0 |a náklady 
610 2 0 |a metódy riadenia 
610 2 0 |a kontroling 
610 2 0 |a výroba 
610 2 0 |a výrobky 
610 2 0 |a proces výrobný 
610 2 0 |a objednávky 
610 2 0 |a holding 
610 2 0 |a výstupy 
100 1 |a Tóthová, Alena, 1968- 
700 1 |a Tóth, Miroslav, 1961-